000 00381nam a2200145Ia 4500
008 100204s9999 xx 000 0 und d
082 _b1167
100 _aभाजेकर आशा
245 _aदरवळ
260 _b"संजय प्रकाशन, पुणे"
_c1979
300 _a159
630 _aदरवळ
730 _aदरवळ
942 _cBOOK
999 _c446259
_d446256